Welcome to WEB OPAC of MRSPTU Central Library

Introduction to Electrical Engineering (Record no. 6230)

MARC details
000 -LEADER
fixed length control field 00483nam a2200181Ia 4500
008 - FIXED-LENGTH DATA ELEMENTS--GENERAL INFORMATION
fixed length control field 230711s9999||||xx |||||||||||||| ||und||
020 ## - INTERNATIONAL STANDARD BOOK NUMBER
International Standard Book Number 978-0-07-462292-6
041 ## - LANGUAGE CODE
Language code of text/sound track or separate title ENG
082 ## - DEWEY DECIMAL CLASSIFICATION NUMBER
Classification number 621.3
Item number NA-E
100 ## - MAIN ENTRY--PERSONAL NAME
Personal name Naidu,MS
245 #0 - TITLE STATEMENT
Title Introduction to Electrical Engineering
250 ## - EDITION STATEMENT
Edition statement R/25th Ed.
260 ## - PUBLICATION, DISTRIBUTION, ETC.
Date of publication, distribution, etc. 2016
Place of publication, distribution, etc. New Delhi
Name of publisher, distributor, etc. McGraw Hill Education(India) Private Limited
300 ## - PHYSICAL DESCRIPTION
Extent 741p.
650 ## - SUBJECT ADDED ENTRY--TOPICAL TERM
Topical term or geographic name entry element Electrical Engineering
700 ## - ADDED ENTRY--PERSONAL NAME
Personal name Kamakshaiah,S
942 ## - ADDED ENTRY ELEMENTS (KOHA)
Koha item type Book
Holdings
Withdrawn status Lost status Damaged status Not for loan Collection Home library Current library Date acquired Cost, normal purchase price Inventory number Total checkouts Full call number Barcode Date last seen Price effective from Koha item type
          MRSPTU Central Library MRSPTU Central Library   775.00 KBD/2016-2017/961042808   621.3 NA-E 35045 08/17/2023 08/17/2023 Book
          MRSPTU Central Library MRSPTU Central Library   775.00 KBD/2016-2017/961042808   621.3 NA-E 35046 08/17/2023 08/17/2023 Book
          MRSPTU Central Library MRSPTU Central Library   775.00 KBD/2016-2017/961042808   621.3 NA-E 35047 08/17/2023 08/17/2023 Book
          MRSPTU Central Library MRSPTU Central Library   775.00 KBD/2016-2017/961042808   621.3 NA-E 35048 08/17/2023 08/17/2023 Book
          MRSPTU Central Library MRSPTU Central Library   775.00 KBD/2016-2017/961042808   621.3 NA-E 35049 08/17/2023 08/17/2023 Book
          MRSPTU Central Library MRSPTU Central Library   775.00 KBD/2016-2017/961042808   621.3 NA-E 35050 08/17/2023 08/17/2023 Book
          MRSPTU Central Library MRSPTU Central Library   775.00 KBD/2016-2017/961042808   621.3 NA-E 35051 08/17/2023 08/17/2023 Book
          MRSPTU Central Library MRSPTU Central Library   775.00 KBD/2016-2017/961042808   621.3 NA-E 35052 08/17/2023 08/17/2023 Book
          MRSPTU Central Library MRSPTU Central Library   775.00 KBD/2016-2017/961042808   621.3 NA-E 35053 08/17/2023 08/17/2023 Book
          MRSPTU Central Library MRSPTU Central Library   775.00 KBD/2016-2017/961042808   621.3 NA-E 35054 08/17/2023 08/17/2023 Book
          MRSPTU Central Library MRSPTU Central Library   775.00 KBD/2016-2017/961042808   621.3 NA-E 35055 08/17/2023 08/17/2023 Book
          MRSPTU Central Library MRSPTU Central Library   775.00 KBD/2016-2017/961042808   621.3 NA-E 35056 08/17/2023 08/17/2023 Book
          MRSPTU Central Library MRSPTU Central Library   775.00 KBD/2016-2017/961042808   621.3 NA-E 35057 08/17/2023 08/17/2023 Book
          MRSPTU Central Library MRSPTU Central Library   775.00 KBD/2016-2017/961042808   621.3 NA-E 35058 08/17/2023 08/17/2023 Book
          MRSPTU Central Library MRSPTU Central Library   775.00 KBD/2016-2017/961042808   621.3 NA-E 35059 08/17/2023 08/17/2023 Book

Website Designed and Developed by MRSPTU Central Library Team

E-mail Id: librarian@mrsptu.ac.in